000 00512nam a2200205Ia 4500
005 20250923145939.0
008 008 250917s9999 xx 000 0 eng d
037 _aTextual
040 _aDSWL
_beng
_cDSWL
041 _aeng
_2eng
084 _qDSWL
100 _aJoshi, M.D.
_9840609
245 0 _aWomen and children in Prostitution
_c by M.D. Joshi
260 _bN.A.
_c1995
300 _axxiii,1143p.
365 _aINR
_b225.00
925 _g225.00
942 _cTEXL
999 _c1457685
_d1457685